Statistics for Countries that Beat Palau

Click here to take the quiz!

General Stats

  • This quiz has been taken 227 times
  • The average score is 13 of 20

Answer Stats

RankCategoryCountries% Correct
4Least populatedVatican City | Nauru | Tuvalu
99%
3Northernmost in OceaniaMarshall Islands | Micronesia
90%
7Closest to PhilippinesMalaysia | Taiwan | Indonesia | Brunei | Japan | China
88%
4Smallest in OceaniaNauru | Tuvalu | Marshall Islands
85%
7Flag with the most blueMicronesia | Kazakhstan | Nauru | Somalia | Kosovo | Saint Lucia
78%
2Highest obesity rateNauru
75%
3Richest per capita in OceaniaAustralia | New Zealand
70%
2Westernmost in OceaniaAustralia
69%
4Lowest total GDPNauru | Tuvalu | Marshall Islands
68%
6Newest (sovereignty)*South Sudan | Kosovo | Serbia | Montenegro | East Timor
66%
5Most tourists per capitaVatican City | Andorra | Monaco | Iceland
66%
2Starting with P closest of the begining of the alphabetPakistan
64%
4Least importsTuvalu | Nauru | Kiribati
60%
9Highest men ratioVatican City | Qatar | United Arab Emirates | Kuwait | Maldives | Oman | Saudi Arabia | Bhutan
59%
6Fewest parliamentariansVatican City | Micronesia | Tuvalu | Grenada | Saint Kitts and Nevis
57%
4Highest diabet rateNauru | Mauritius | Marshall Islands
55%
4Most forest (%)Suriname | Micronesia | Seychelles
47%
2Closest to MicronesiaPapua New Guinea
35%
2Least exportsKiribati
32%
3Most immigrants per capita out of EurasiaAntigua and Barbuda | Australia
28%

Score Distribution

Percentile by Number Answered

Percent of People with Each Score

Your Score History

You have not taken this quiz